[Event "30th Cracovia Festival-A 2019"]
[Site "Krakow"]
[Date "2019.12.31"]
[Round "6.2"]
[White "Vetoshko, Volodymyr"]
[Black "Moroni, Luca Jr"]
[Result "1-0"]
[WhiteElo "2511"]
[BlackElo "2528"]
[Annotator "TA"]
[PlyCount "120"]
[EventDate "2019.12.27"]
[EventCountry "POL"]
[SourceTitle "playchess.com"]
[Source "ChessBase"]
[SourceQuality "1"]

{[%evp 12,120,17,-4,0,0,4,0,4,-7,-2,-28,-14,-12,-15,-6,-25,-25,-36,-32,6,8,9,8,13,0,7,0,7,0,10,0,22,28,36,43,47,23,55,47,56,46,55,47,73,60,129,106,193,179,197,186,214,204,253,251,244,227,205,185,206,143,145,147,138,142,156,153,350,350,476,479,479,462,468,463,456,412,456,450,457,497,653,640,623,572,848,836,815,810,775,748,692,591,1352,967,12840,12840,12841,889,12840,0,12841,12841,12841,12842,12844,12844,12844,12845,12846]} 1. d4 Nf6 2. c4 e6 3. Nc3 Bb4 4. e3 O-O 5. Nge2 d5 6. a3 Bd6 7. Ng3 c6 {E46: Nimzo-Indian: Rubinstein: 4 e3 0-0 5 Ne2 without early Bd3} 8. Be2 Nbd7 9. O-O dxc4 {The position is equal.} 10. Bxc4 Nb6 11. Be2 e5 12. dxe5 Bxe5 13. Qc2 Re8 {[#]} 14. Rd1 $146 ({Predecessor:} 14. e4 Ng4 15. Bxg4 Bxg4 {0-1 (31) Caruana,F (2782)-Gelfand,B (2777) London 2013}) 14... Qe7 15. Bd2 Bxg3 16. hxg3 Bg4 17. f3 Be6 18. Na4 Nxa4 19. Qxa4 Nd5 20. Kf2 Qc5 21. b4 {[%cal Bb2b4,Bb4a5,Ba5a6][%mdl 32]} (21. Rac1 {is interesting.} Qb6 22. Qc2 f5 23. Qc5 Qc7 24. Bd3) 21... Qb6 22. Qa5 Qxa5 23. bxa5 f5 $1 24. Rdc1 Rac8 25. Rab1 $36 {[%mdl 2048] White is pushing.} Rc7 26. a6 b6 $1 27. a4 {[%cal Ba3a4,Ba4a5][%mdl 32]} Rd8 28. Rb2 Kf8 (28... Ne7 $14) 29. Rbc2 Rdc8 {[#]} (29... Kf7 $16 {keeps fighting.}) 30. g4 $1 $18 fxg4 31. e4 Ne7 32. a5 ({And not} 32. fxg4 Bb3 $14) 32... gxf3 33. gxf3 Rd7 34. axb6 axb6 35. Be3 Rb8 36. Rb2 b5 37. Bc5 Ra8 38. Bxe7+ Rxe7 39. Rxc6 Bc8 $2 (39... Bc4 $16 40. Bxc4 bxc4) 40. Bxb5 Rea7 {[%cal Rc8a6] [#]} 41. Rb6 $1 Rc7 42. Rd2 Ke7 43. Rd5 Raa7 44. Kg3 g6 45. Kf4 Kf7 46. Rdd6 Ke7 47. e5 Rc5 48. Rdc6 g5+ 49. Kg3 Rxc6 50. Rxc6 {[%mdl 4096] Endgame KRB-KRB} ({Weaker is} 50. Bxc6 Rxa6 51. Rxa6 Bxa6 $11) 50... Bd7 51. Rb6 Bc8 52. Bc4 h5 53. Rg6 {Rg7+ would kill now.} Rc7 54. Rg7+ Kd8 55. Rg8+ (55. Rxc7 $142 Kxc7 56. a7 h4+ 57. Kh2) 55... Ke7 56. Rg7+ Kd8 57. Rxc7 {White is clearly winning.} Kxc7 58. e6 Kd6 59. a7 Bb7 60. Bd3 Kd5 {Accuracy: White = 77%, Black = 30%.} 1-0

[Event "30th Cracovia Festival-A 2019"]
[Site "Krakow"]
[Date "2019.12.31"]
[Round "6.3"]
[White "Girish, A. Koushik"]
[Black "Sabuk, Piotr"]
[Result "1/2-1/2"]
[WhiteElo "2506"]
[BlackElo "2354"]
[Annotator "RC"]
[PlyCount "100"]
[EventDate "2019.12.27"]
[EventCountry "POL"]
[SourceTitle "playchess.com"]
[Source "ChessBase"]
[SourceQuality "1"]

1. Nf3 d5 2. g3 c5 3. Bg2 Nf6 4. O-O e6 5. d3 Nc6 6. Nbd2 g6 7. e4 Bg7 8. exd5 Nxd5 9. Nb3 b6 10. Bg5 f6 11. Bd2 e5 12. c4 Nde7 13. Bc3 O-O 14. a3 Bf5 15. Nc1 a5 16. Nd2 Qc7 17. Ne4 Rad8 18. Rb1 Bh6 19. Qc2 Bg4 20. h3 Be6 21. b4 axb4 22. axb4 f5 23. bxc5 fxe4 24. cxb6 Qd6 25. Bxe4 Bxh3 26. Re1 Bxc1 27. Qxc1 Bf5 28. Qe3 Bxe4 29. dxe4 Qe6 30. Qc5 Rd3 31. Ba1 Qh3 32. Re2 Rff3 33. Bxe5 Nxe5 34. Qxe5 Nc6 35. Qe8+ Kg7 36. Qxc6 Rxf2 37. Qc7+ Kh6 38. Rxf2 Rxg3+ 39. Qxg3 Qxg3+ 40. Rg2 Qe3+ 41. Kh1 Kg7 42. b7 Qh3+ 43. Kg1 Qe3+ 44. Kh2 Qh6+ 45. Kg3 Qe3+ 46. Kh2 Qh6+ 47. Kg1 Qe3+ 48. Rf2 Qg3+ 49. Kh1 Qh4+ 50. Kg1 Qg3+ 1/2-1/2

[Event "30th Cracovia Festival-A 2019"]
[Site "Krakow"]
[Date "2019.12.31"]
[Round "6.4"]
[White "Golubka, Petro"]
[Black "Evchin, Maxim"]
[Result "1-0"]
[WhiteElo "2479"]
[BlackElo "2315"]
[Annotator "TA"]
[PlyCount "91"]
[EventDate "2019.12.27"]
[EventCountry "POL"]
[SourceTitle "playchess.com"]
[Source "ChessBase"]
[SourceQuality "1"]

{[%evp 26,91,-34,-43,-35,-45,0,0,6,1,24,-12,68,0,0,0,0,-3,20,9,63,-21,-22,-2,-8,-26,-16,-16,10,13,18,6,30,0,49,59,46,66,106,104,79,0,63,41,97,27,462,440,439,435,472,472,766,433,406,335,765,600,600,597,833,832,826,822,822,710,682,679]} 1. c4 g6 2. g3 Bg7 3. Bg2 c5 4. Nc3 Nc6 5. d3 d6 6. Nf3 e5 7. O-O Nge7 8. Rb1 O-O 9. a3 a5 10. Ne1 Be6 11. Nc2 d5 12. cxd5 Nxd5 13. Ne3 Nde7 14. Nc4 Rb8 {A37: Symmetrical English vs ...g6: 4 Bg2 Bg7 5 Nf3} 15. Nb5 {[#]} (15. Bg5 f6 16. Be3 b6 17. Qa4 Nd4 18. Bxd4 exd4 19. Nb5 Nd5 20. b4 axb4 21. axb4 Nxb4 22. Rxb4 cxb4 {0-1 (30) Gledura,B (2630)-Grandelius,N (2694) Skopje 2019}) 15... f5 $146 ({Black should play} 15... Nd5 $15) ({Predecessor:} 15... b6 16. Bd2 Qd7 17. Qc1 Nd4 18. Nxd4 cxd4 19. b4 Rfc8 20. Qb2 a4 21. Rfc1 Nd5 22. Rc2 {0-1 (38) Lai,H (2392)-Reinderman,D (2576) Delft 2017}) 16. Bg5 $11 h6 {The position is equal.} 17. Bxe7 Qxe7 18. Qa4 Ra8 (18... Qd7 $11) 19. Rbc1 (19. Nbd6 $14) 19... Ra6 20. Rfe1 Kh7 21. Nd2 e4 22. dxe4 Bxb2 (22... f4 $11) 23. Rc2 (23. Rb1 $14 Bg7 24. exf5 Bxf5 25. Be4) 23... Bg7 24. Rec1 Qd7 {And now ...Nd4 would win.} 25. Nf3 fxe4 26. Rd2 $1 {[%cal Rd2d7]} exf3 27. Rxd7 Bxd7 28. Qd1 $36 {[%mdl 2048] Black is under pressure.} ({Much weaker is} 28. Bxf3 Nd4 $17) 28... Ne5 29. Rxc5 (29. exf3 {with more complications.} Bxb5 30. Rxc5 Be8 31. f4 Nc6 32. Qb1) 29... Bxb5 30. Rxb5 {[%cal Re2f3]} fxg2 31. Rxb7 Rf7 {[#]} 32. Rxf7 $1 Nxf7 33. Qd3 ({White should try} 33. Qd5 $16 Ra7 34. Qc5) 33... Ra7 ({Better is} 33... Rd6 $11 34. Qe3 Rd4) 34. f4 {[%mdl 1024] White has compensation.} a4 (34... h5 $14) 35. h4 (35. g4 $16) 35... Ra5 $2 {[%mdl 8192] [#]} (35... h5 $1 $11 {and Black stays safe.}) 36. Qd7 $1 $18 Kg8 37. e4 Bf8 38. e5 Bxa3 (38... Bc5+ $142 39. Kxg2 Ra7) 39. e6 Rf5 40. h5 gxh5 $2 (40... Nh8 41. e7 Bxe7 42. hxg6 Rf6 43. Qxe7 Rxg6 44. Kxg2 Nf7 45. Qe8+ Kg7 46. Qxa4 h5) 41. e7 {White is clearly winning.} Bxe7 {next ...Bc5+ is good for Black.} 42. Qxf5 a3 43. Qxh5 Kg7 44. Qd5 Bf6 45. g4 Bb2 46. Kxg2 {Accuracy: White = 54%, Black = 26%.} 1-0

[Event "30th Cracovia Festival-A 2019"]
[Site "Krakow"]
[Date "2019.12.31"]
[Round "6.5"]
[White "Tazbir, Marcin"]
[Black "Belous, Mikhail"]
[Result "1-0"]
[WhiteElo "2525"]
[BlackElo "2349"]
[Annotator "TA"]
[PlyCount "106"]
[EventDate "2019.12.27"]
[EventCountry "POL"]
[SourceTitle "playchess.com"]
[Source "ChessBase"]
[SourceQuality "1"]

{[%evp 14,106,-12,-21,8,-5,-7,0,72,81,75,67,68,55,64,9,33,-7,169,174,173,172,166,161,165,180,169,168,163,145,168,147,147,145,140,141,191,179,206,185,201,201,189,219,204,7,138,136,130,119,127,122,244,242,229,234,205,197,279,260,396,402,383,248,245,247,443,428,646,631,1118,1020,1502,761,1071,804,823,1132,793,728,29973,29974,29974,29975,29975,29976,29976,29977,29977,29978,29977,29978,29978,29979,29984]} 1. e4 e5 2. Nf3 Nc6 3. Bb5 a6 4. Ba4 Nf6 5. Qe2 b5 6. Bb3 Bc5 7. c3 O-O 8. d3 d5 {C77: Ruy Lopez: 3...a6 4 Ba4 Nf6, unusual lines} (8... h6 9. h3 d6 10. g4 Nh7 11. Bd5 Bd7 12. g5 hxg5 13. Rg1 g4 14. hxg4 Rb8 15. Qf1 Ne7 16. Bb3 {0-1 (41) Delgado Ramirez,N (2623)-Vera Siguenas,D (2483) Antofagasta 2019}) 9. Bg5 dxe4 10. dxe4 Be6 (10... h6 $11 {remains equal.} 11. Be3 Bxe3 12. Qxe3 Qe7) 11. Bxe6 $16 fxe6 12. Nbd2 $146 ({Predecessor:} 12. O-O Qe8 13. a4 Rb8 14. axb5 axb5 15. b4 Bb6 16. Be3 {0-1 (77) Olivier,J (2373)-Robin,S (2231) Chartres 2005}) 12... Qe8 13. Nb3 Bb6 14. Be3 (14. O-O $14) 14... Qg6 $11 15. Nbd2 (15. O-O {is more complex.} Bxe3 16. Qxe3 Qxe4 17. Rfe1 Qxe3 18. Rxe3 Nd7 19. Ng5) 15... Nxe4 $2 (15... Qxg2 $11 {and Black is okay.} 16. Rg1 Qh3) 16. Nh4 $1 $36 {[%cal Rh4g6][%mdl 2048] White is really pushing.} Rxf2 ({Wrong is} 16... Qf6 $2 17. Nxe4 Qe7 18. Bxb6 $18) 17. Nxg6 Rxe2+ 18. Kxe2 Nxd2 19. Kxd2 hxg6 20. Bxb6 cxb6 {[%mdl 4096] Endgame KRR-KRN} 21. Ke3 Kf7 22. Rhf1+ {[%mdl 1024] White has strong compensation.} Ke7 23. Rf2 Rh8 24. Raf1 {Black must now prevent Rf7+.} Nd8 25. g3 Rh5 26. Rd1 Nb7 27. Rfd2 Nc5 28. b4 Na4 29. Kd3 $2 ({White should play} 29. Rc1 $18) 29... Rh8 (29... e4+ $1 $11 30. Kc2 Rf5) 30. Kc2 $16 e4 31. Kb3 Rc8 {[%csl Ga4][%cal Rc8c3]} 32. Rc2 Rc4 {[#]} (32... Kf6 $16 {keeps fighting.}) 33. Rd4 $1 $18 {[%cal Rd4c4]} Rxd4 34. cxd4 {KR-KN} Kd6 35. Rc8 e3 {[#]} (35... a5 $142 36. bxa5 bxa5) 36. Kc2 $1 e2 (36... Kd5 {was called for.} 37. Kd3 e2 38. Rd8+ (38. Kxe2 Kxd4 39. Kd2 Nb2 $18) 38... Kc6) 37. Kd2 Kd5 38. Kxe2 Kxd4 39. Kd2 e5 $2 (39... Nb2 {is a better defense.} 40. Rd8+ Ke5) 40. Rc7 a5 (40... Ke4 $142 41. Rxg7 Kf5) 41. Rxg7 axb4 {Now ...e4 and Black clings on.} 42. Rxg6 Nc3 43. Rxb6 Nxa2 44. Rxb5 e4 45. Rb8 e3+ 46. Kc2 Ke4 47. Kb2 {White mates.} b3 48. Kxb3 Nc1+ 49. Kc2 Ne2 50. Re8+ Kf3 51. Rf8+ Ke4 52. Kd1 Ng1 53. h4 Kd5 {Accuracy: White = 56%, Black = 44%.} 1-0

[Event "30th Cracovia Festival-A 2019"]
[Site "Krakow"]
[Date "2019.12.31"]
[Round "6.6"]
[White "Kyc, Jerzy"]
[Black "Jarmula, Lukasz"]
[Result "1/2-1/2"]
[WhiteElo "2340"]
[BlackElo "2466"]
[Annotator "TA"]
[PlyCount "66"]
[EventDate "2019.12.27"]
[EventCountry "POL"]
[SourceTitle "playchess.com"]
[Source "ChessBase"]
[SourceQuality "1"]

{[%evp 31,66,0,0,0,0,0,0,0,0,0,0,0,0,0,0,0,0,0,0,0,0,0,0,0,0,0,2,0,0,0,0,0,0,0,7,0,0]} 1. e4 e5 2. Nf3 Nc6 3. Bb5 a6 4. Ba4 Nf6 5. O-O Be7 6. Re1 b5 7. Bb3 O-O 8. c3 d5 9. exd5 Nxd5 10. Nxe5 Nxe5 11. Rxe5 c6 12. d4 Bd6 13. Re1 Qh4 14. g3 Qh3 15. Bxd5 cxd5 16. Qf3 Bf5 {The position is equal.} 17. Qg2 {C89: Closed Ruy Lopez: Marshall Attack} (17. Qxd5 Rad8 18. Qg2 Qh5 19. f3 Bh3 20. Qf2 f5 21. Nd2 g5 22. a4 f4 23. g4 Qg6 24. axb5 axb5 {1-0 (43) Hou,Y (2599)-Kosintseva,T (2530) Istanbul 2012}) 17... Qg4 18. f3 ({Of course not} 18. Qxd5 Rae8 $17) 18... Qg6 {[#] aiming for ...Rfe8.} 19. Bf4 Bxf4 20. gxf4 Qd6 21. Nd2 $146 ({Predecessor:} 21. Qg5 g6 22. Nd2 b4 23. Nf1 f6 24. Qg2 bxc3 25. bxc3 Qxf4 {0-1 (61) Johansen,T (2205)-Dutra Neto,A (2455) LSS email 2008}) 21... Qxf4 22. Nb3 Rac8 23. Qg3 Qh6 $1 24. Re5 Rc6 {[#] Hoping for ...Rg6.} 25. Kh1 ({Wrong is} 25. Rxf5 $2 Rg6 $19) 25... Rg6 26. Qf2 Bh3 27. Rg1 Rxg1+ 28. Qxg1 Be6 29. Qg5 Qh3 {Threatens to win with ...f6.} 30. Qg2 Qh6 31. Qg5 Qh3 {Strongly threatening ...f6!} 32. Qg2 Qh6 33. Qg5 Qh3 {Accuracy: White = 86%, Black = 100%.} 1/2-1/2

[Event "30th Cracovia Festival-A 2019"]
[Site "Krakow"]
[Date "2019.12.31"]
[Round "6.7"]
[White "Farkas, Gabor"]
[Black "Grinev, Valeriy"]
[Result "1/2-1/2"]
[WhiteElo "2357"]
[BlackElo "2441"]
[Annotator "ChessBase"]
[PlyCount "99"]
[EventDate "2019.12.27"]
[EventCountry "POL"]
[SourceTitle "playchess.com"]
[Source "ChessBase"]
[SourceQuality "1"]

1. d4 f5 2. c4 Nf6 3. Nf3 g6 4. g3 Bg7 5. Bg2 O-O 6. O-O d6 7. Nc3 c6 8. d5 e5 9. dxe6 Bxe6 10. Qd3 Nbd7 11. Ng5 Qe7 12. Nxe6 Qxe6 13. b3 Nc5 14. Qc2 Nfe4 15. Bb2 Nxc3 16. Bxc3 Bxc3 17. Qxc3 Qxe2 18. Rfe1 Qd3 19. Qxd3 Nxd3 20. Red1 Ne5 21. Rxd6 f4 22. Re6 Rae8 23. Rxe8 Rxe8 24. gxf4 Nd3 25. f5 gxf5 26. Rd1 Nf4 27. Bf1 Kf7 28. f3 Re7 29. Kf2 Kf6 30. b4 c5 31. bxc5 Rc7 32. Rd6+ Ke5 33. Ke3 h5 34. Rd4 Ne6 35. f4+ Kf6 36. Rd5 h4 37. Bd3 Rxc5 38. Rd7 Ra5 39. Rxb7 Rxa2 40. Rb5 Rxh2 41. Rxf5+ Ke7 42. Ra5 Rh3+ 43. Ke4 Nxf4 44. Rxa7+ Kd6 45. Ra6+ Kc7 46. Kxf4 Rxd3 47. Rh6 Rd4+ 48. Kg5 Rxc4 49. Rxh4 Rxh4 50. Kxh4 1/2-1/2

[Event "30th Cracovia Festival-A 2019"]
[Site "Krakow"]
[Date "2019.12.31"]
[Round "6.8"]
[White "Mis, Mieszko"]
[Black "Fus, Jakub"]
[Result "1/2-1/2"]
[WhiteElo "2320"]
[BlackElo "2363"]
[Annotator "ChessBase"]
[PlyCount "195"]
[EventDate "2019.12.27"]
[EventCountry "POL"]
[SourceTitle "playchess.com"]
[Source "ChessBase"]
[SourceQuality "1"]

1. c4 c6 2. Nf3 d5 3. d4 Nf6 4. Qb3 e6 5. g3 Be7 6. Bg2 O-O 7. O-O b6 8. cxd5 cxd5 9. Nc3 Bb7 10. Bf4 Nc6 11. Rfc1 Rc8 12. Qd1 Nh5 13. Rc2 Nxf4 14. gxf4 Bd6 15. e3 Qe7 16. Rac1 Na5 17. Ne5 f6 18. Nd3 Bb8 19. f5 Rcd8 20. fxe6 Qxe6 21. Qf3 g5 22. Qh3 Qf7 23. Nb4 Bc8 24. Qxc8 Rxc8 25. Bxd5 Bd6 26. Bxf7+ Kxf7 27. Nd3 Ke6 28. b4 Nb7 29. Nb5 Rxc2 30. Rxc2 Bb8 31. Kg2 Kd7 32. d5 Re8 33. a4 Re4 34. Nd4 Bd6 35. a5 Rg4+ 36. Kf3 Rh4 37. axb6 axb6 38. Rc6 g4+ 39. Ke2 Rxh2 40. Rxb6 Nd8 41. Nf5 Bc7 42. Nc5+ Ke8 43. Ra6 g3 44. d6 Rxf2+ 45. Kd3 Ba5 46. Nxg3 Bxb4 47. Nce4 Rb2 48. Nxf6+ Kf7 49. Nge4 Bc5 50. Nxh7 Bb6 51. Nhg5+ Kg6 52. Ra3 Kf5 53. Rc3 Ke5 54. Nf3+ Kd5 55. Nfd2 Nf7 56. Nc4 Rb4 57. Nxb6+ Rxb6 58. Rc5+ Ke6 59. Rh5 Rb3+ 60. Ke2 Rb4 61. Rh4 Rb2+ 62. Kf3 Rc2 63. Rf4 Ne5+ 64. Kg3 Kd5 65. Rh4 Rc8 66. Rf4 Rc2 67. Kh3 Rc8 68. Kg2 Rc2+ 69. Kf1 Rb2 70. Rh4 Rc2 71. Ke1 Rc4 72. Rh5 Rc8 73. d7 Rd8 74. Ng5 Rxd7 75. Nf3 Re7 76. Ke2 Kd6 77. Nd4 Kd5 78. Nf3 Kd6 79. Nxe5 Rxe5 80. Rh6+ Kd5 81. Kd3 Rg5 82. Ra6 Rg4 83. e4+ Ke5 84. Ra5+ Ke6 85. Kd4 Ke7 86. Ra7+ Ke8 87. Ke5 Rg6 88. Kf5 Rb6 89. e5 Rc6 90. Rg7 Ra6 91. Rg6 Rxg6 92. Kxg6 Ke7 93. Kf5 Kf7 94. e6+ Ke7 95. Ke5 Ke8 96. Kd6 Kd8 97. e7+ Ke8 98. Ke6 1/2-1/2

[Event "30th Cracovia Festival-A 2019"]
[Site "Krakow"]
[Date "2019.12.31"]
[Round "6.9"]
[White "Chmiel, Marcin"]
[Black "Kruglyakov, Pavlo"]
[Result "1-0"]
[WhiteElo "2230"]
[BlackElo "2357"]
[Annotator "ChessBase"]
[PlyCount "137"]
[EventDate "2019.12.27"]
[EventCountry "POL"]
[SourceTitle "playchess.com"]
[Source "ChessBase"]
[SourceQuality "1"]

1. c4 Nf6 2. g3 g6 3. Bg2 d5 4. cxd5 Nxd5 5. Nf3 Bg7 6. O-O O-O 7. Nc3 Nc6 8. Qa4 Nb6 9. Qh4 f6 10. d4 g5 11. Qh5 Bf5 12. d5 Nb4 13. Nd4 Bg6 14. Qg4 Qd6 15. Ndb5 h5 16. Qd4 Nc2 17. Nxd6 Nxd4 18. Nxb7 Nc2 19. Rb1 Nd4 20. e4 g4 21. Bf4 e5 22. dxe6 Nxe6 23. Be3 Nc4 24. Nc5 Nxe3 25. Nxe6 Nxf1 26. Nxf8 Kxf8 27. Kxf1 Rb8 28. Nd5 f5 29. Nf4 Bf7 30. b3 fxe4 31. Bxe4 Rb4 32. Bf5 c5 33. Rd1 c4 34. Rd8+ Ke7 35. Rd7+ Kf6 36. Bc2 cxb3 37. Bxb3 Bxb3 38. axb3 Rb5 39. Rxa7 Bh6 40. Ra6+ Kg7 41. Ne6+ Kh7 42. Nd4 Rd5 43. Ra4 Re5 44. Rc4 Bd2 45. b4 Re1+ 46. Kg2 Rb1 47. b5 Be1 48. Rc5 Kh6 49. Re5 Bc3 50. Nf5+ Kg6 51. Rc5 Be1 52. Ne7+ Kh6 53. Re5 Bc3 54. Re6+ Kh7 55. Nd5 Bd4 56. Re4 Bc5 57. Nf6+ Kg6 58. Nxh5 Rxb5 59. Re5 Ra5 60. Nf4+ Kf6 61. Nd3 Bb6 62. Rxa5 Bxa5 63. h3 gxh3+ 64. Kxh3 Kf5 65. f3 Bc7 66. g4+ Kg5 67. f4+ Kg6 68. Kg3 Kf6 69. Kf3 1-0

[Event "30th Cracovia Festival-A 2019"]
[Site "Krakow"]
[Date "2019.12.31"]
[Round "6.10"]
[White "Brodowski, Piotr"]
[Black "Szpar, Milosz"]
[Result "1/2-1/2"]
[WhiteElo "2445"]
[BlackElo "2291"]
[Annotator "ChessBase"]
[PlyCount "71"]
[EventDate "2019.12.27"]
[EventCountry "POL"]
[SourceTitle "playchess.com"]
[Source "ChessBase"]
[SourceQuality "1"]

1. Nf3 d5 2. c4 d4 3. b4 g6 4. d3 Bg7 5. g3 e5 6. Nbd2 Ne7 7. Bg2 O-O 8. O-O h6 9. Nb3 Nf5 10. a4 Re8 11. Ne1 Nd7 12. Nc2 Nf6 13. a5 Rb8 14. a6 bxa6 15. Na5 Bd7 16. Nc6 Bxc6 17. Bxc6 Re6 18. Bg2 Bf8 19. Ba3 h5 20. h3 Qe8 21. Re1 Rd8 22. Bc1 Rb8 23. Ba3 e4 24. dxe4 Nxe4 25. Qd3 Rd8 26. Bc1 Nxf2 27. Kxf2 Re3 28. Qd1 Qe5 29. Kg1 Qxg3 30. Rf1 Nh4 31. Rf2 Bd6 32. Qxd4 Qh2+ 33. Kf1 Nxg2 34. Rxg2 Qh1+ 35. Kf2 Rxe2+ 36. Kxe2 1/2-1/2

[Event "30th Cracovia Festival-A 2019"]
[Site "Krakow"]
[Date "2019.12.31"]
[Round "6.11"]
[White "Nikitenko, Mihail"]
[Black "Marszalek, Maciej"]
[Result "1-0"]
[WhiteElo "2422"]
[BlackElo "2314"]
[Annotator "ChessBase"]
[PlyCount "63"]
[EventDate "2019.12.27"]
[EventCountry "POL"]
[SourceTitle "playchess.com"]
[Source "ChessBase"]
[SourceQuality "1"]

1. c4 c5 2. g3 g6 3. Bg2 Bg7 4. Nc3 Nc6 5. Nf3 Nf6 6. d4 cxd4 7. Nxd4 O-O 8. O-O d6 9. Nxc6 bxc6 10. Bxc6 Rb8 11. Bg2 Qa5 12. Nb5 Ng4 13. h3 a6 14. Na7 Ne5 15. Nxc8 Rfxc8 16. Bd2 Qb6 17. b3 Nxc4 18. bxc4 Bxa1 19. Qxa1 Qb2 20. Qd1 Rxc4 21. Be3 Rc2 22. Bd5 Rxe2 23. Bb3 Rxe3 24. fxe3 Qe5 25. Bxf7+ Kg7 26. Qd4 Qxd4 27. exd4 Rb4 28. Bb3 Rxd4 29. Rf7+ Kh6 30. Rxe7 a5 31. Ra7 Rd3 32. Kf2 1-0

[Event "30th Cracovia Festival-A 2019"]
[Site "Krakow"]
[Date "2019.12.31"]
[Round "6.12"]
[White "Kopylov, Daniel"]
[Black "Goluch, Piotr"]
[Result "1-0"]
[WhiteElo "2294"]
[BlackElo "2415"]
[Annotator "ChessBase"]
[PlyCount "75"]
[EventDate "2019.12.27"]
[EventCountry "POL"]
[SourceTitle "playchess.com"]
[Source "ChessBase"]
[SourceQuality "1"]

1. e4 c6 2. d4 d5 3. exd5 cxd5 4. Bd3 Nc6 5. c3 Nf6 6. Bf4 Bg4 7. Qb3 Qc8 8. Nd2 e6 9. Ngf3 Be7 10. O-O O-O 11. Rfe1 Bh5 12. Qc2 Bg6 13. Bxg6 hxg6 14. Qd3 Qd8 15. h3 Bd6 16. Bg5 Qc7 17. Re2 Bf4 18. g3 Bd6 19. Kg2 b5 20. h4 Nh5 21. g4 Nf4+ 22. Bxf4 Bxf4 23. Rh1 b4 24. g5 bxc3 25. bxc3 Ne7 26. Ne5 Rac8 27. Qh3 Qxc3 28. Ndf3 Bxe5 29. Rxe5 Rfe8 30. Re3 Qb2 31. Rb3 Qxa2 32. Ne5 Qe2 33. h5 Rc2 34. Rf3 Qd2 35. Nxf7 Nf5 36. hxg6 Kf8 37. Rxf5 exf5 38. Qa3+ 1-0

[Event "30th Cracovia Festival-A 2019"]
[Site "Krakow"]
[Date "2019.12.31"]
[Round "6.13"]
[White "Milikow, Yoav"]
[Black "Kopylov, Michael"]
[Result "1/2-1/2"]
[WhiteElo "2236"]
[BlackElo "2411"]
[Annotator "ChessBase"]
[PlyCount "82"]
[EventDate "2019.12.27"]
[EventCountry "POL"]
[SourceTitle "playchess.com"]
[Source "ChessBase"]
[SourceQuality "1"]

1. d4 d5 2. c4 e5 3. dxe5 d4 4. a3 Nc6 5. Nf3 Nge7 6. b3 Bg4 7. Ra2 Qd7 8. Rd2 O-O-O 9. Bb2 Nf5 10. g3 Bc5 11. Bg2 Bxf3 12. exf3 Nxe5 13. f4 Ng4 14. O-O h5 15. b4 Be7 16. Nc3 c6 17. Qa4 Qe6 18. Ne4 h4 19. h3 hxg3 20. hxg4 gxf2+ 21. Rfxf2 Ne3 22. Qxa7 Nxg2 23. Qa8+ Kc7 24. Qa5+ Kc8 25. Bxd4 Qxe4 26. Qa8+ Kd7 27. Bxg7+ Ke8 28. Rxd8+ Bxd8 29. Bxh8 Nxf4 30. Rxf4 Qxf4 31. Qxb7 Qxg4+ 32. Kf1 Qxc4+ 33. Kf2 Qf4+ 34. Ke2 Qe4+ 35. Kd2 Qg2+ 36. Kc3 Qf3+ 37. Kb2 Qg2+ 38. Kb3 Qd5+ 39. Kb2 Qd2+ 40. Kb3 Qd5+ 41. Kb2 Qd2+ 1/2-1/2

[Event "30th Cracovia Festival-A 2019"]
[Site "Krakow"]
[Date "2019.12.31"]
[Round "6.15"]
[White "Webersberger, Johann"]
[Black "Piotrowski, Przemyslaw"]
[Result "1/2-1/2"]
[WhiteElo "2358"]
[BlackElo "2277"]
[Annotator "TA"]
[PlyCount "38"]
[EventDate "2019.12.27"]
[EventCountry "POL"]
[SourceTitle "playchess.com"]
[Source "ChessBase"]
[SourceQuality "1"]

{[%evp 21,22,-8,-15]} 1. d4 Nf6 2. c4 c5 3. Nf3 g6 4. g3 Bg7 5. Bg2 O-O 6. O-O d6 7. Nc3 Nc6 8. dxc5 dxc5 9. Be3 Qa5 10. Qa4 Qxa4 11. Nxa4 b6 {Predecessor:} 12. Ne5 $146 Nxe5 13. Bxa8 Bd7 14. Nxc5 Rxa8 15. Nxd7 Nfxd7 16. Rfd1 Nf8 17. Rac1 Ng4 18. Bd4 Ne6 19. Bxg7 Kxg7 {0-1 (39) Ziska,H (2533)-Munoz Pantoja,M (2513) Le Blanc Mesnil 2019} 1/2-1/2

[Event "30th Cracovia Festival-A 2019"]
[Site "Krakow"]
[Date "2019.12.31"]
[Round "6.16"]
[White "Bus, Konrad"]
[Black "Zylka, Stanislaw"]
[Result "0-1"]
[WhiteElo "2214"]
[BlackElo "2334"]
[Annotator "ChessBase"]
[PlyCount "130"]
[EventDate "2019.12.27"]
[EventCountry "POL"]
[SourceTitle "playchess.com"]
[Source "ChessBase"]
[SourceQuality "1"]

1. d4 Nf6 2. Nf3 g6 3. g3 Bg7 4. Bg2 O-O 5. O-O d5 6. c4 dxc4 7. Na3 Nc6 8. Nxc4 Be6 9. b3 Bd5 10. Bb2 a5 11. e3 a4 12. Qe2 e6 13. Rfd1 Ra6 14. Ne1 Bxg2 15. Nxg2 Qd5 16. Nf4 Qb5 17. Nd2 Qxe2 18. Nxe2 Rfa8 19. Rab1 a3 20. Bc3 Nd5 21. Ne4 Ncb4 22. Bxb4 Nxb4 23. Nc5 Rc6 24. Nc1 Nd5 25. Ne2 b6 26. Ne4 f5 27. Ng5 Bh6 28. Nf3 Rc2 29. Rd2 Nxe3 30. Rxc2 Nxc2 31. Nc3 Rd8 32. Rd1 Bg7 33. Rd2 Nxd4 34. Nxd4 Rxd4 35. Rxd4 Bxd4 36. Nb5 Bb2 37. Nxc7 Kf7 38. Kf1 Ke7 39. Ke2 Kd6 40. Na6 e5 41. Nb4 Kc5 42. Nc2 e4 43. h3 Kd5 44. Ke3 Bc1+ 45. Ke2 Ke5 46. Kd1 Bb2 47. Ke2 h6 48. Ke3 g5 49. Ke2 h5 50. Kf1 Bc1 51. Ke2 h4 52. gxh4 gxh4 53. Kd1 Bb2 54. Ke2 b5 55. Ke1 f4 56. Ke2 f3+ 57. Kd2 Bd4 58. Ke1 Bc3+ 59. Kd1 Kf4 60. Ne3 Bd4 61. Ng4 e3 62. fxe3+ Bxe3 63. Ke1 Bd4 64. Nh6 Ke4 65. Kd2 Be3+ 0-1

[Event "30th Cracovia Festival-A 2019"]
[Site "Krakow"]
[Date "2019.12.31"]
[Round "6.17"]
[White "Nurkiewicz, Maciej"]
[Black "Niedbala, Bartlomiej"]
[Result "0-1"]
[WhiteElo "2340"]
[BlackElo "2239"]
[Annotator "ChessBase"]
[PlyCount "88"]
[EventDate "2019.12.27"]
[EventCountry "POL"]
[SourceTitle "playchess.com"]
[Source "ChessBase"]
[SourceQuality "1"]

1. e4 g6 2. d4 Bg7 3. Nc3 d6 4. f4 a6 5. Nf3 b5 6. Bd3 Nd7 7. e5 c5 8. e6 fxe6 9. Ng5 Bxd4 10. Nxe6 Bxc3+ 11. bxc3 Qb6 12. Qf3 Rb8 13. Qg3 Ndf6 14. f5 Bxe6 15. fxe6 c4 16. Be3 Qa5 17. Bxg6+ hxg6 18. Qxg6+ Kd8 19. Bd4 b4 20. O-O Qh5 21. Qg3 Qh4 22. Qxh4 Rxh4 23. Rae1 bxc3 24. Bxc3 Kc7 25. g3 Re4 26. Rxe4 Nxe4 27. Rf4 Rb1+ 28. Kg2 Nxc3 29. Rxc4+ Kd8 30. Rxc3 Re1 31. Ra3 Rxe6 32. Rxa6 Nf6 33. Kf3 Re5 34. g4 Rc5 35. Ra4 Rc3+ 36. Kf4 Rh3 37. Ra8+ Kd7 38. g5 Nh5+ 39. Kg4 Rxh2 40. a4 Ng7 41. a5 Rxc2 42. a6 Rc8 43. Ra7+ Ke6 44. Rb7 Rc4+ 0-1